| 000 | 00633nam a2200169 4500 | ||
|---|---|---|---|
| 001 | 132776 | ||
| 003 | ES-MaACL | ||
| 005 | 20230906194240.0 | ||
| 007 | t| | ||
| 008 | 070214s1966 sp r ||||1| spa d | ||
| 100 | 1 |
_aRosa Domínguez, José Luis de la. _999612 |
|
| 245 | 1 | 0 |
_aSevilla entre lo divino y lo humano _b: (exégesis y defensa de las cofradías) / _cpor José Luis de la Rosa Domínguez ; prólogo de Mons. Cirarda. |
| 260 |
_aSevilla : _b[s. n.], _c1966 ( _fGráf. Sevillanas) |
||
| 300 |
_aXVII, 454 p., 50 lám. ; _c25 cm. |
||
| 710 | 2 |
_aCirarda Lachiondo, José María. _92808 |
|
| 852 |
_aES-MaACL _jC-29234 _bR.59790 |
||
| 999 |
_c132776 _d132776 |
||